|
|
|
|
| LEADER |
00000cam a2200000 7i4500 |
| 001 |
0000003527 |
| 005 |
20060412.0 |
| 020 |
0 |
0 |
|a 1405300590
|
| 090 |
0 |
0 |
|a 581.6303
|b RHS
|
| 245 |
1 |
0 |
|a The Royal Horticultural Society encyclopedia of herbs & their uses
|c Deni Bown
|
| 260 |
0 |
0 |
|a London. :
|b DK Pub. ,
|c 2002
|
| 300 |
|
|
|a 448 p. :
|b col. ill., col. map ;
|c 30 cm.
|
| 650 |
0 |
0 |
|a Herb gardening.
|
| 650 |
0 |
0 |
|a Herbs
|x Encyclopedias.
|
| 650 |
0 |
0 |
|a Herbs
|x Pictorial works.
|
| 700 |
1 |
1 |
|a Brickell, Christopher.
|
| 710 |
2 |
1 |
|a The Royal Horticultural Society
|
| 999 |
|
|
|a 0000006893
|b Monograph
|c Open Shelf
|e Default branch
|